Writing from A to Z : (Record no. 4972)

MARC details
000 -LEADER
fixed length control field 00879cam a2200193 a 4500
020 ## - INTERNATIONAL STANDARD BOOK NUMBER
ISBN 0767411412
050 00 - CALL NUMBER
Classification number PE1408
Item number .W773
245 00 - TITLE
Title Writing from A to Z :
Remainder of title the easy-to-use reference handbook
Statement of responsibility, etc Sally Barr Ebest ... [et al.].
250 ## - EDITION
Edition statement 3rd ed.
260 ## - PUBLICATION INFORMATION
Place of publication Mountain View, Calif. :
Name of publisher Mayfield Pub.,
Year of publication 2000.
300 ## - DESCRIPTION
Number of Pages 1 v. (various pagings) ;
Dimensions 22 cm.
500 ## - NOTES
General note Includes indexes.
505 ## - FORMATTED CONTENTS NOTE
Table of Content 1.The Composing Process <br/>2.Types of Writing <br/>3.Clarity and Style <br/>4.Grammar <br/>5.Mechanics and Spelling <br/>6.Methods of Development <br/>7.Paragraphs <br/>9.Punctuation <br/>10.Sentence Types <br/>11.Language and Word Choice <br/>Logic <br/>12.Using and Documenting Sources <br/>13.Using Computers <br/>14..Format and Graphics.
650 #0 - SUBJECTS
Topical Term English language
General subdivision Rhetoric
650 #0 - SUBJECTS
Topical Term English language
General subdivision Grammar
650 #0 - SUBJECTS
Topical Term Report writing
700 1# - OTHER AUTHORS
Personal name Ebest, Sally Barr.
942 ## - ADDED ENTRY ELEMENTS (KOHA)
Koha item type Books
Holdings
Withdrawn status Lost status Home library Current library Shelving location Date acquired Full call number Accession Number Copy number Koha item type Collection code
    Methodist University Library Main Methodist University Library Main General Stacks 25/12/2005 PE1408 .W773 26585   Books Reference
    Methodist University Library Main Methodist University Library Main General Stacks 25/02/2006 PE1408 .W773 26591   Books  
    Methodist University Library Main Methodist University Library Main General Stacks 25/02/2006 PE1408 .W773 8103   Books  
    Methodist University Library Tema Methodist University Library Tema On Display 25/02/2015 PE1408 .W773 21130 1 Books  
    Methodist University Library Tema Methodist University Library Tema   25/02/2005 PE1408 .W773 21132 2 Books  
    Methodist University Library Tema Methodist University Library Tema   25/02/2006 PE1408 .W773 21131 3 Books  
Copyright © 2026  MUG Library